000 00848nam a22002417a 4500
999 _c65691
_d65691
005 20240530110838.0
008 191208s2006 ua a f 000 0 ara d
017 _a2006/5476
_bمصر. دار الكتب
040 _aEG-CaGPL
_cEG-CaGPL
082 0 4 _221
_a916.2
_bق/م م
100 0 _aمحمد عبدالغنى سعودى
245 1 0 _aمصر الانسان والمكان/
_cمحمد عبدالغنى سعودى
250 _aط.1
260 _aالقاهرة :
_bالمجلس الاعلى للثقافة،
_c2006
300 _a324ص. :
_bايض. ؛
_c24 سم.
650 0 7 _2qrmak
_aالسكان
_zمصر
650 0 7 _aالاحصائيات الحيوية
_zمصر
650 0 7 _aتوزيع السكان
_zمصر
650 0 7 _aالمناخ
_zمصر
651 0 7 _2qrmak
942 _2ddc
_cBK